Giáo trình nhập môn UML

保存先:
書誌詳細
第一著者: Huỳnh Văn Đức
フォーマット: 図書
出版事項: Lao động - Xã hội 2006
タグ: タグ追加
タグなし, このレコードへの初めてのタグを付けませんか!
Thư viện lưu trữ: Mạng thư viện Đại học Đà Nẵng
LEADER 00635nam a2200229 a 4500
001 000028725
003 24441
005 20171030145630.0
008 171030s2006
020 |c 23000 
040 |a LTT 
082 0 |a 005.1  |b HU-Đ 
100 1 |a Huỳnh Văn Đức 
245 0 0 |a Giáo trình nhập môn UML  |c Chủ biên : Huỳnh Văn Đức, Hoàng Đức Hải ; Hiệu đính : Đoàn Thiện Ngân. 
260 |b Lao động - Xã hội  |c 2006 
OWN |a LTT 
999 |a From the UDN01 
TYP |a Monograph 
TYP |a Printed language 
980 |a Mạng thư viện Đại học Đà Nẵng